[Event "Lliga Catalana DH 2023"]
[Site "Barcelona"]
[Date "2023.01.21"]
[Round "1.4"]
[White "Hapala, Elisabeth"]
[Black "Tallo Dominguez, Imar"]
[Result "0-1"]
[TimeControl "90'+30\""]
[WhiteTitle "WFM"]
[WhiteFideId "1622080"]
[BlackFideId "2283743"]
[WhiteElo "2096"]
[BlackElo "2274"]

1. e4 {[%clk 01:30:57]} {[%emt 00:00:01]} c5 {[%clk 01:29:48]} {[%emt
00:01:12]} 2. Nf3 {[%clk 01:31:22]} {[%emt 00:00:06]} Nf6 {[%clk 01:28:50]}
{[%emt 00:01:28]} 3. e5 {[%clk 01:19:59]} {[%emt 00:11:53]} Nd5 {[%clk
01:29:12]} {[%emt 00:00:08]} 4. Nc3 {[%clk 01:17:05]} {[%emt 00:03:24]} e6
{[%clk 01:29:04]} {[%emt 00:00:38]} 5. Nxd5 {[%clk 01:08:24]} {[%emt 00:09:11]}
exd5 {[%clk 01:29:12]} {[%emt 00:00:21]} 6. d4 {[%clk 01:08:48]} {[%emt
00:00:07]} Nc6 {[%clk 01:29:02]} {[%emt 00:00:39]} 7. dxc5 {[%clk 01:07:24]}
{[%emt 00:01:54]} Bxc5 {[%clk 01:29:23]} {[%emt 00:00:08]} 8. Bd3 {[%clk
00:58:35]} {[%emt 00:09:19]} d6 {[%clk 01:22:18]} {[%emt 00:07:35]} 9. exd6
{[%clk 00:58:11]} {[%emt 00:00:55]} Qxd6 {[%clk 01:21:23]} {[%emt 00:01:24]} 10.
O-O {[%clk 00:57:21]} {[%emt 00:01:20]} h6 {[%clk 01:13:49]} {[%emt 00:08:04]}
11. Re1+ {[%clk 00:46:30]} {[%emt 00:11:21]} Be6 {[%clk 01:10:40]} {[%emt
00:03:39]} 12. c3 {[%clk 00:45:35]} {[%emt 00:01:26]} O-O-O {[%clk 01:05:44]}
{[%emt 00:05:26]} 13. Be3 {[%clk 00:29:48]} {[%emt 00:16:19]} Bxe3 {[%clk
01:01:08]} {[%emt 00:05:05]} 14. Rxe3 {[%clk 00:29:54]} {[%emt 00:00:24]} d4
{[%clk 01:00:55]} {[%emt 00:00:43]} 15. cxd4 {[%clk 00:29:42]} {[%emt
00:00:42]} Nxd4 {[%clk 01:01:09]} {[%emt 00:00:15]} 16. Qa4 {[%clk 00:21:15]}
{[%emt 00:08:58]} Nxf3+ {[%clk 00:53:08]} {[%emt 00:08:31]} 17. Rxf3 {[%clk
00:21:41]} {[%emt 00:00:04]} Kb8 {[%clk 00:53:17]} {[%emt 00:00:20]} 18. h3
{[%clk 00:17:45]} {[%emt 00:04:26]} Qe5 {[%clk 00:49:26]} {[%emt 00:04:20]} 19.
Qe4 {[%clk 00:07:30]} {[%emt 00:10:46]} Qxe4 {[%clk 00:46:21]} {[%emt
00:03:35]} 20. Bxe4 {[%clk 00:07:59]} {[%emt 00:00:02]} Rd2 {[%clk 00:46:31]}
{[%emt 00:00:19]} 21. b3 {[%clk 00:08:20]} {[%emt 00:00:09]} Re8 {[%clk
00:45:02]} {[%emt 00:01:58]} 22. Rd3 {[%clk 00:06:55]} {[%emt 00:01:55]} Rb2
{[%clk 00:42:27]} {[%emt 00:03:04]} 23. Rd4 {[%clk 00:04:26]} {[%emt 00:03:00]}
Rc8 {[%clk 00:36:41]} {[%emt 00:06:15]} 24. f4 {[%clk 00:03:32]} {[%emt
00:01:25]} Rc5 {[%clk 00:35:00]} {[%emt 00:02:11]} 25. b4 {[%clk 00:02:43]}
{[%emt 00:01:19]} Rc4 {[%clk 00:21:30]} {[%emt 00:13:59]} 26. Rxc4 {[%clk
00:02:37]} {[%emt 00:00:37]} Bxc4 {[%clk 00:21:53]} {[%emt 00:00:06]} 27. a3
{[%clk 00:03:01]} {[%emt 00:00:06]} b5 {[%clk 00:21:41]} {[%emt 00:00:42]} 28.
Rd1 {[%clk 00:01:12]} {[%emt 00:02:20]} Kc7 {[%clk 00:20:36]} {[%emt 00:01:35]}
29. Bd5 {[%clk 00:00:38]} {[%emt 00:01:05]} Kb6 {[%clk 00:19:09]} {[%emt
00:01:57]} 30. Bxc4 {[%clk 00:00:33]} {[%emt 00:00:35]} bxc4 {[%clk 00:19:32]}
{[%emt 00:00:06]} 31. Rd5 {[%clk 00:00:35]} {[%emt 00:00:28]} c3 {[%clk
00:18:53]} {[%emt 00:01:09]} 32. Rc5 {[%clk 00:01:01]} {[%emt 00:00:04]} Rb3
{[%clk 00:19:04]} {[%emt 00:00:19]} 33. a4 {[%clk 00:00:41]} {[%emt 00:00:51]}
Rxb4 {[%clk 00:19:09]} {[%emt 00:00:25]} 34. Rxc3 {[%clk 00:01:09]} {[%emt
00:00:02]} Rxf4 {[%clk 00:18:49]} {[%emt 00:00:49]} 35. Rg3 {[%clk 00:00:41]}
{[%emt 00:00:59]} g6 {[%clk 00:19:05]} {[%emt 00:00:14]} 36. Rb3+ {[%clk
00:00:48]} {[%emt 00:00:23]} Ka5 {[%clk 00:19:02]} {[%emt 00:00:32]} 37. Rb7
{[%clk 00:00:53]} {[%emt 00:00:26]} a6 {[%clk 00:19:21]} {[%emt 00:00:10]} 38.
Ra7 {[%clk 00:01:04]} {[%emt 00:00:19]} Rf6 {[%clk 00:19:33]} {[%emt 00:00:17]}
39. g4 {[%clk 00:00:33]} {[%emt 00:01:02]} Kxa4 {[%clk 00:19:56]} {[%emt
00:00:07]} 40. Re7 {[%clk 00:00:34]} {[%emt 00:00:29]} a5 {[%clk 00:19:20]}
{[%emt 00:01:06]} 41. Kg2 {[%clk 00:00:42]} {[%emt 00:00:22]} Kb3 {[%clk
00:18:34]} {[%emt 00:01:15]} 42. Rb7+ {[%clk 00:00:42]} {[%emt 00:00:29]} Ka3
{[%clk 00:18:43]} {[%emt 00:00:21]} 43. Kg3 {[%clk 00:00:59]} {[%emt 00:00:14]}
a4 {[%clk 00:18:59]} {[%emt 00:00:13]} 44. h4 {[%clk 00:01:10]} {[%emt
00:00:21]} Ka2 {[%clk 00:19:18]} {[%emt 00:00:10]} 45. h5 {[%clk 00:00:45]}
{[%emt 00:00:55]} a3 {[%clk 00:19:00]} {[%emt 00:00:47]} 46. hxg6 {[%clk
00:00:43]} {[%emt 00:00:33]} fxg6 {[%clk 00:19:18]} {[%emt 00:00:11]} 47. Kh4
{[%clk 00:00:33]} {[%emt 00:00:40]} Rf3 {[%clk 00:18:59]} {[%emt 00:00:48]} 48.
Rb6 {[%clk 00:00:35]} {[%emt 00:00:29]} g5+ {[%clk 00:17:10]} {[%emt 00:02:19]}
49. Kh5 {[%clk 00:01:03]} {[%emt 00:00:02]} Rh3+ {[%clk 00:17:31]} {[%emt
00:00:09]} 50. Kg6 {[%clk 00:01:32]} {[%emt 00:00:01]} Rb3 {[%clk 00:17:38]}
{[%emt 00:00:23]} 51. Rf6 {[%clk 00:01:23]} {[%emt 00:00:39]} Rg3 {[%clk
00:17:53]} {[%emt 00:00:15]} 52. Kh5 {[%clk 00:00:56]} {[%emt 00:00:57]} Kb3
{[%clk 00:17:48]} {[%emt 00:00:35]} 53. Rb6+ {[%clk 00:01:09]} {[%emt
00:00:17]} Kc2 {[%clk 00:18:09]} {[%emt 00:00:08]} 54. Ra6 {[%clk 00:01:25]}
{[%emt 00:00:15]} Kb2 {[%clk 00:18:05]} {[%emt 00:00:34]} 55. Rb6+ {[%clk
00:01:46]} {[%emt 00:00:10]} Rb3 {[%clk 00:18:22]} {[%emt 00:00:13]} 56. Rf6
{[%clk 00:00:35]} {[%emt 00:01:42]} Rh3+ {[%clk 00:18:37]} {[%emt 00:00:15]} 57.
Kg6 {[%clk 00:01:01]} {[%emt 00:00:04]} a2 {[%clk 00:18:55]} {[%emt 00:00:11]}
58. Rf2+ {[%clk 00:01:19]} {[%emt 00:00:12]} Kb3 {[%clk 00:19:06]} {[%emt
00:00:19]} 59. Rf1 {[%clk 00:01:34]} {[%emt 00:00:15]} Rh2 {[%clk 00:19:23]}
{[%emt 00:00:12]} 0-1

[Event "Lliga Catalana DH 2023"]
[Site "Barcelona"]
[Date "2023.01.21"]
[Round "1.5"]
[White "Pinero Fernandez, Xavier"]
[Black "Gomila Benejam, Teodoro"]
[Result "1-0"]
[TimeControl "90'+30\""]
[WhiteFideId "2217449"]
[BlackFideId "32088337"]
[WhiteElo "2279"]
[BlackElo "2045"]

1. d4 {[%clk 01:29:43]} {[%emt 00:01:16]} Nf6 {[%clk 01:30:53]} {[%emt
00:00:08]} 2. Nf3 {[%clk 01:28:48]} {[%emt 00:01:25]} e6 {[%clk 01:31:12]}
{[%emt 00:00:11]} 3. c3 {[%clk 01:27:31]} {[%emt 00:01:47]} d5 {[%clk
01:29:47]} {[%emt 00:01:55]} 4. Bf4 {[%clk 01:27:41]} {[%emt 00:00:20]} Bd6
{[%clk 01:29:55]} {[%emt 00:00:22]} 5. e3 {[%clk 01:26:15]} {[%emt 00:01:56]}
c5 {[%clk 01:27:54]} {[%emt 00:02:30]} 6. Bb5+ {[%clk 01:19:10]} {[%emt
00:07:36]} Nc6 {[%clk 01:16:55]} {[%emt 00:11:29]} 7. Bxc6+ {[%clk 01:08:41]}
{[%emt 00:10:58]} bxc6 {[%clk 01:17:17]} {[%emt 00:00:08]} 8. Qa4 {[%clk
01:06:06]} {[%emt 00:03:05]} Bxf4 {[%clk 01:09:59]} {[%emt 00:07:48]} 9. exf4
{[%clk 01:06:22]} {[%emt 00:00:14]} Qd6 {[%clk 01:10:18]} {[%emt 00:00:11]} 10.
Ne5 {[%clk 00:59:14]} {[%emt 00:07:38]} c4 {[%clk 00:52:38]} {[%emt 00:18:10]}
11. b3 {[%clk 00:50:09]} {[%emt 00:09:35]} cxb3 {[%clk 00:51:25]} {[%emt
00:01:43]} 12. axb3 {[%clk 00:50:24]} {[%emt 00:00:15]} Bd7 {[%clk 00:51:22]}
{[%emt 00:00:32]} 13. Qa3 {[%clk 00:50:01]} {[%emt 00:00:55]} Qxa3 {[%clk
00:42:53]} {[%emt 00:09:00]} 14. Rxa3 {[%clk 00:50:18]} {[%emt 00:00:12]} Ke7
{[%clk 00:42:27]} {[%emt 00:00:56]} 15. Nd2 {[%clk 00:46:29]} {[%emt 00:04:20]}
Rhc8 {[%clk 00:40:20]} {[%emt 00:02:37]} 16. Nd3 {[%clk 00:44:14]} {[%emt
00:02:45]} Be8 {[%clk 00:38:20]} {[%emt 00:02:30]} 17. Ke2 {[%clk 00:38:39]}
{[%emt 00:06:05]} Nd7 {[%clk 00:37:52]} {[%emt 00:00:58]} 18. Rha1 {[%clk
00:38:35]} {[%emt 00:00:34]} Rc7 {[%clk 00:36:27]} {[%emt 00:01:56]} 19. Ra5
{[%clk 00:34:13]} {[%emt 00:04:52]} f6 {[%clk 00:33:06]} {[%emt 00:03:51]} 20.
b4 {[%clk 00:31:47]} {[%emt 00:02:56]} Bg6 {[%clk 00:31:20]} {[%emt 00:02:17]}
21. Nc5 {[%clk 00:31:49]} {[%emt 00:00:27]} Nxc5 {[%clk 00:29:03]} {[%emt
00:02:47]} 22. Rxc5 {[%clk 00:31:54]} {[%emt 00:00:25]} Kd7 {[%clk 00:29:17]}
{[%emt 00:00:16]} 23. Rca5 {[%clk 00:31:47]} {[%emt 00:00:38]} Bh5+ {[%clk
00:12:30]} {[%emt 00:17:18]} 24. Ke3 {[%clk 00:30:25]} {[%emt 00:01:51]} Kd6
{[%clk 00:11:27]} {[%emt 00:01:33]} 25. Nc4+ {[%clk 00:26:07]} {[%emt
00:04:47]} dxc4 {[%clk 00:10:56]} {[%emt 00:01:01]} 26. Rxh5 {[%clk 00:26:27]}
{[%emt 00:00:10]} g6 {[%clk 00:11:20]} {[%emt 00:00:06]} 27. Rc5 {[%clk
00:26:35]} {[%emt 00:00:21]} Re8 {[%clk 00:10:00]} {[%emt 00:01:50]} 28. Ra6
{[%clk 00:22:09]} {[%emt 00:04:56]} Kd7 {[%clk 00:08:00]} {[%emt 00:02:31]} 29.
Ke4 {[%clk 00:21:29]} {[%emt 00:01:09]} h6 {[%clk 00:04:37]} {[%emt 00:03:53]}
30. Rxc4 {[%clk 00:21:04]} {[%emt 00:00:54]} g5 {[%clk 00:05:03]} {[%emt
00:00:04]} 31. Rc5 {[%clk 00:20:34]} {[%emt 00:01:00]} Rg8 {[%clk 00:04:27]}
{[%emt 00:01:07]} 32. g3 {[%clk 00:19:57]} {[%emt 00:01:06]} f5+ {[%clk
00:03:44]} {[%emt 00:01:13]} 33. Ke5 {[%clk 00:18:32]} {[%emt 00:01:56]} gxf4
{[%clk 00:04:01]} {[%emt 00:00:13]} 34. Kxf4 {[%clk 00:18:41]} {[%emt
00:00:21]} h5 {[%clk 00:03:19]} {[%emt 00:01:12]} 35. Rca5 {[%clk 00:18:54]}
{[%emt 00:00:16]} h4 {[%clk 00:02:51]} {[%emt 00:00:59]} 36. Rxa7 {[%clk
00:18:58]} {[%emt 00:00:27]} hxg3 {[%clk 00:02:59]} {[%emt 00:00:22]} 37. fxg3
{[%clk 00:18:19]} {[%emt 00:01:08]} Rg4+ {[%clk 00:01:52]} {[%emt 00:01:36]} 38.
Kf3 {[%clk 00:18:40]} {[%emt 00:00:09]} Rxa7 {[%clk 00:02:04]} {[%emt
00:00:18]} 39. Rxa7+ {[%clk 00:19:00]} {[%emt 00:00:10]} Kd6 {[%clk 00:02:31]}
{[%emt 00:00:04]} 40. Ra5 {[%clk 00:18:34]} {[%emt 00:00:56]} Re4 {[%clk
00:02:40]} {[%emt 00:00:21]} 41. Re5 {[%clk 00:16:41]} {[%emt 00:02:22]} Rg4
{[%clk 00:02:21]} {[%emt 00:00:49]} 42. h4 {[%clk 00:16:49]} {[%emt 00:00:22]}
Rg7 {[%clk 00:02:31]} {[%emt 00:00:21]} 43. Ra5 {[%clk 00:15:51]} {[%emt
00:01:27]} Rh7 {[%clk 00:02:28]} {[%emt 00:00:33]} 44. Kf4 {[%clk 00:15:54]}
{[%emt 00:00:27]} Rg7 {[%clk 00:02:53]} {[%emt 00:00:06]} 45. b5 {[%clk
00:14:42]} {[%emt 00:01:42]} c5 {[%clk 00:01:31]} {[%emt 00:01:52]} 46. Ra6+
{[%clk 00:13:58]} {[%emt 00:01:14]} Kd5 {[%clk 00:01:57]} {[%emt 00:00:05]} 47.
dxc5 {[%clk 00:13:59]} {[%emt 00:00:29]} e5+ {[%clk 00:01:23]} {[%emt
00:01:04]} 48. Kxf5 {[%clk 00:12:16]} {[%emt 00:02:13]} Rxg3 {[%clk 00:01:42]}
{[%emt 00:00:12]} 49. b6 {[%clk 00:11:10]} {[%emt 00:01:35]} Kc6 {[%clk
00:01:36]} {[%emt 00:00:36]} 50. Ra7 {[%clk 00:11:00]} {[%emt 00:00:40]} Kd5
{[%emt 00:00:43]} 51. Ke4+ 1-0

[Event "Lliga Catalana DH 2023"]
[Site "Barcelona"]
[Date "2023.01.21"]
[Round "1.6"]
[White "Fernandez Madrid, Carles"]
[Black "Hernando Rodrigo, Julio Antonio"]
[Result "0-1"]
[TimeControl "90'+30\""]
[WhiteTitle "CM"]
[BlackTitle "IM"]
[WhiteFideId "2206030"]
[BlackFideId "2208350"]
[WhiteElo "2105"]
[BlackElo "2240"]

1. c4 {[%emt 04:06:15]} Nf6 {[%emt 00:02:07]} 2. g3 {[%emt 00:02:27]} g6 {[%emt
00:00:10]} 3. b3 {[%emt 00:00:25]} Bg7 {[%emt 00:00:12]} 4. Bb2 {[%emt
00:00:04]} O-O {[%emt 00:01:31]} 5. Bg2 {[%emt 00:00:06]} d6 {[%emt 00:00:16]}
6. Nf3 {[%emt 00:00:36]} e5 {[%emt 00:00:33]} 7. d3 {[%emt 00:00:11]} Nc6
{[%emt 00:06:44]} 8. Nc3 {[%emt 00:02:46]} Bg4 {[%emt 00:06:56]} 9. h3 {[%emt
00:04:03]} Bd7 {[%emt 00:00:22]} 10. O-O {[%emt 00:01:34]} Rb8 {[%emt
00:02:57]} 11. e3 {[%emt 00:03:51]} e4 {[%emt 00:09:42]} 12. dxe4 {[%emt
00:04:18]} Nxe4 {[%emt 00:00:38]} 13. Na4 {[%emt 00:01:59]} Bxb2 {[%emt
00:01:34]} 14. Nxb2 {[%emt 00:00:05]} Re8 {[%emt 00:00:53]} 15. Nd3 {[%emt
00:00:47]} Ne7 {[%emt 00:19:40]} 16. Nd4 {[%emt 00:02:30]} c5 {[%emt 00:05:20]}
17. Nb5 {[%emt 00:02:05]} a6 {[%emt 00:00:57]} 18. Bxe4 {[%emt 00:12:04]} axb5
{[%emt 00:00:08]} 19. Nf4 {[%emt 00:00:05]} bxc4 {[%emt 00:11:30]} 20. bxc4
{[%emt 00:01:32]} Nf5 {[%emt 00:03:40]} 21. Qd3 {[%emt 00:00:28]} b5 {[%emt
00:04:03]} 22. Bd5 {[%emt 00:00:05]} Qf6 {[%emt 00:01:57]} 23. Rad1 {[%emt
00:03:54]} bxc4 {[%emt 00:05:56]} 24. Bxc4 {[%emt 00:00:30]} Rb2 {[%emt
00:00:16]} 25. Rd2 {[%emt 00:06:12]} Rxd2 {[%emt 00:01:12]} 26. Qxd2 {[%emt
00:05:12]} Bc6 {[%emt 00:01:05]} 27. Bd5 {[%emt 00:02:03]} Bxd5 {[%emt
00:03:44]} 28. Nxd5 {[%emt 00:01:08]} Qg5 {[%emt 00:02:35]} 29. Rd1 {[%emt
00:02:14]} Re5 {[%emt 00:02:12]} 30. Kh2 {[%emt 00:03:40]} h5 {[%emt 00:04:56]}
31. Nf4 {[%emt 00:01:43]} c4 {[%emt 00:00:46]} 32. Rb1 {[%emt 00:02:19]} Qe7
{[%emt 00:00:58]} 33. Rb8+ {[%emt 00:00:21]} Kg7 {[%emt 00:00:23]} 34. Qb2
{[%emt 00:00:26]} Qc7 {[%emt 00:00:22]} 35. Ne2 {[%emt 00:00:52]} h4 {[%emt
00:00:50]} 36. g4 {[%emt 00:00:51]} Ne7 {[%emt 00:00:39]} 37. Rb7 {[%emt
00:00:35]} c3 {[%emt 00:00:30]} 38. Nxc3 {[%emt 00:00:12]} Qc6 {[%emt
00:00:09]} 39. Rxe7 {[%emt 00:00:36]} Rxe7 {[%emt 00:00:12]} 40. Nd5+ {[%emt
00:03:48]} Re5 {[%emt 00:00:03]} 41. e4 {[%emt 00:00:55]} g5 {[%emt 00:00:20]}
42. f3 {[%emt 00:07:21]} Qa6 {[%emt 00:01:10]} 43. Ne3 {[%emt 00:01:11]} Kg6
{[%emt 00:00:49]} 44. Nf5 {[%emt 00:01:35]} f6 {[%emt 00:00:40]} 45. Ne3 {[%emt
00:02:34]} Ra5 {[%emt 00:00:16]} 46. Qb3 {[%emt 00:00:32]} Rxa2+ {[%emt
00:00:13]} 47. Ng2 {[%emt 00:00:06]} Kg7 {[%emt 00:00:29]} 48. Qe6 {[%emt
00:00:17]} Qa7 {[%emt 00:00:58]} 49. Qxd6 {[%emt 00:00:18]} Ra1 {[%emt
00:00:10]} 50. Ne3 {[%emt 00:00:23]} Qa2+ {[%emt 00:00:42]} 51. Ng2 {[%emt
00:01:27]} Qa7 {[%emt 00:00:02]} 52. Ne3 {[%emt 00:00:09]} Ra2+ {[%emt
00:00:02]} 53. Ng2 {[%emt 00:02:11]} Re2 {[%emt 00:01:01]} 54. Qd8 {[%emt
00:03:00]} Rf2 {[%emt 00:01:00]} 55. e5 {[%emt 00:01:01]} Rxf3 {[%emt
00:00:10]} 56. e6 {[%emt 00:00:41]} Rf1 {[%emt 00:00:38]} 57. Ne3 {[%emt
00:00:28]} Qa2+ {[%emt 00:00:17]} 0-1

[Event "Lliga Catalana DH 2023"]
[Site "Barcelona"]
[Date "2023.01.21"]
[Round "1.7"]
[White "Moreno Sanchis, Jordi"]
[Black "Fernandez Serrano, Pau"]
[Result "1/2-1/2"]
[TimeControl "90'+30\""]
[WhiteFideId "2204835"]
[BlackFideId "2263637"]
[WhiteElo "2260"]
[BlackElo "2075"]

1. Nf3 {[%clk 01:30:51]} {[%emt 00:00:08]} g6 {[%clk 01:30:51]} {[%emt
00:00:10]} 2. d4 {[%clk 01:27:59]} {[%emt 00:03:22]} Bg7 {[%clk 01:31:09]}
{[%emt 00:00:12]} 3. e4 {[%clk 01:27:50]} {[%emt 00:00:39]} d6 {[%clk
01:31:08]} {[%emt 00:00:32]} 4. Nc3 {[%clk 01:26:25]} {[%emt 00:01:54]} a6
{[%clk 01:30:59]} {[%emt 00:00:39]} 5. a4 {[%clk 01:22:09]} {[%emt 00:04:46]}
b6 {[%clk 01:31:04]} {[%emt 00:00:25]} 6. Bc4 {[%clk 01:15:48]} {[%emt
00:06:51]} e6 {[%clk 01:31:18]} {[%emt 00:00:16]} 7. h4 {[%clk 01:04:55]}
{[%emt 00:11:22]} h6 {[%clk 01:31:12]} {[%emt 00:00:37]} 8. Bf4 {[%clk
00:59:44]} {[%emt 00:05:40]} Ne7 {[%clk 01:22:49]} {[%emt 00:08:53]} 9. Qe2
{[%clk 00:58:02]} {[%emt 00:02:12]} Bb7 {[%clk 01:21:24]} {[%emt 00:01:55]} 10.
Rd1 {[%clk 00:48:25]} {[%emt 00:10:06]} Nd7 {[%clk 01:20:27]} {[%emt 00:01:28]}
11. g4 {[%clk 00:46:41]} {[%emt 00:02:13]} Nf6 {[%clk 00:57:40]} {[%emt
00:23:18]} 12. g5 {[%clk 00:41:02]} {[%emt 00:06:10]} Nh5 {[%clk 00:51:45]}
{[%emt 00:06:26]} 13. Bc1 {[%clk 00:37:52]} {[%emt 00:03:39]} Ng8 {[%clk
00:44:04]} {[%emt 00:08:11]} 14. Rg1 {[%clk 00:32:46]} {[%emt 00:05:37]} Qe7
{[%clk 00:38:54]} {[%emt 00:05:41]} 15. Nh2 {[%clk 00:23:07]} {[%emt 00:10:08]}
hxg5 {[%clk 00:32:35]} {[%emt 00:06:50]} 16. hxg5 {[%clk 00:21:41]} {[%emt
00:01:56]} Qd7 {[%clk 00:32:19]} {[%emt 00:00:45]} 17. Ng4 {[%clk 00:18:36]}
{[%emt 00:03:35]} Ne7 {[%clk 00:30:32]} {[%emt 00:02:18]} 18. e5 {[%clk
00:15:16]} {[%emt 00:03:49]} d5 {[%clk 00:29:35]} {[%emt 00:01:27]} 19. Bd3
{[%clk 00:11:45]} {[%emt 00:04:00]} c5 {[%clk 00:28:43]} {[%emt 00:01:22]} 20.
dxc5 {[%clk 00:10:04]} {[%emt 00:02:11]} bxc5 {[%clk 00:28:56]} {[%emt
00:00:17]} 21. Be4 {[%clk 00:09:44]} {[%emt 00:00:50]} 1/2-1/2

[Event "Lliga Catalana DH 2023"]
[Site "Barcelona"]
[Date "2023.01.21"]
[Round "1.8"]
[White "Barcelo Sola, David"]
[Black "Mayo Casademont, Marti"]
[Result "0-1"]
[TimeControl "90'+30\""]
[BlackTitle "FM"]
[WhiteFideId "2271222"]
[BlackFideId "2270838"]
[WhiteElo "1985"]
[BlackElo "2270"]

1. e4 {[%emt 04:06:14]} e5 {[%emt 00:00:17]} 2. Nf3 {[%emt 00:00:20]} Nc6
{[%emt 00:00:08]} 3. Bb5 {[%emt 00:01:13]} a6 {[%emt 00:00:16]} 4. Bxc6 {[%emt
00:00:18]} dxc6 {[%emt 00:00:11]} 5. d4 {[%emt 00:00:22]} exd4 {[%emt
00:01:57]} 6. Qxd4 {[%emt 00:00:16]} Qxd4 {[%emt 00:00:44]} 7. Nxd4 {[%emt
00:00:08]} Bd7 {[%emt 00:00:29]} 8. Nc3 {[%emt 00:04:25]} O-O-O {[%emt
00:01:16]} 9. Be3 {[%emt 00:02:10]} Bb4 {[%emt 00:04:53]} 10. O-O {[%emt
00:02:27]} Bxc3 {[%emt 00:13:57]} 11. bxc3 {[%emt 00:00:11]} Re8 {[%emt
00:00:56]} 12. Nf5 {[%emt 00:14:41]} Rxe4 {[%emt 00:21:25]} 13. Bd4 {[%emt
00:15:39]} f6 {[%emt 00:02:21]} 14. Ng3 {[%emt 00:28:16]} Re8 {[%emt 00:04:48]}
15. Rfe1 {[%emt 00:03:31]} Ne7 {[%emt 00:05:56]} 16. Re2 {[%emt 00:05:03]} Nf5
{[%emt 00:08:05]} 17. Rd2 {[%emt 00:05:43]} Nxg3 {[%emt 00:07:51]} 18. hxg3
{[%emt 00:01:10]} b6 {[%emt 00:00:10]} 19. Be3 {[%emt 00:04:31]} Bf5 {[%emt
00:02:13]} 20. Kf1 {[%emt 00:00:35]} Re4 {[%emt 00:01:55]} 21. a4 {[%emt
00:01:45]} a5 {[%emt 00:00:53]} 22. Ra2 {[%emt 00:04:32]} c5 {[%emt 00:01:30]}
23. Rd1 {[%emt 00:02:28]} Rhe8 {[%emt 00:01:39]} 24. Re1 {[%emt 00:01:24]} Bd7
{[%emt 00:01:48]} 25. Rea1 {[%emt 00:00:37]} h5 {[%emt 00:07:08]} 26. Ke2
{[%emt 00:00:38]} Be6 {[%emt 00:00:36]} 27. Ra3 {[%emt 00:00:45]} Kb7 {[%emt
00:04:38]} 28. Rh1 {[%emt 00:00:24]} Bd7 {[%emt 00:00:21]} 29. Rh4 {[%emt
00:00:17]} Rxh4 {[%emt 00:00:51]} 30. gxh4 {[%emt 00:00:07]} Re4 {[%emt
00:00:07]} 31. g3 {[%emt 00:00:49]} Bxa4 {[%emt 00:01:51]} 32. f3 {[%emt
00:00:40]} Bb5+ {[%emt 00:00:10]} 33. Kf2 {[%emt 00:00:14]} Re8 {[%emt
00:01:44]} 34. Ra1 {[%emt 00:00:48]} Kc6 {[%emt 00:00:24]} 35. Rg1 {[%emt
00:00:23]} a4 {[%emt 00:00:36]} 36. g4 {[%emt 00:00:31]} g6 {[%emt 00:01:20]}
37. f4 {[%emt 00:00:38]} hxg4 {[%emt 00:00:34]} 38. Rxg4 {[%emt 00:00:09]} a3
{[%emt 00:00:32]} 39. Rg1 {[%emt 00:00:06]} a2 {[%emt 00:00:13]} 40. Kf3 {[%emt
00:01:25]} Rh8 {[%emt 00:01:31]} 41. Kg3 {[%emt 00:00:34]} Kd5 {[%emt
00:00:20]} 42. Rh1 {[%emt 00:00:41]} Ke4 {[%emt 00:00:28]} 43. Bd2 {[%emt
00:00:05]} Rd8 {[%emt 00:00:57]} 44. Re1+ {[%emt 00:00:21]} Kf5 {[%emt
00:00:16]} 45. Be3 {[%emt 00:00:16]} Be2 {[%emt 00:00:46]} 46. Ra1 {[%emt
00:00:35]} Bc4 {[%emt 00:00:06]} 47. Rg1 {[%emt 00:01:05]} Ra8 {[%emt
00:00:51]} 48. Ra1 {[%emt 00:00:07]} Ra3 {[%emt 00:00:26]} 49. Bd2 {[%emt
00:00:11]} Be2 {[%emt 00:00:36]} 50. Kf2 {[%emt 00:00:23]} Bd1 {[%emt
00:02:11]} 51. h5 {[%emt 00:00:07]} Ke5 {[%emt 00:00:37]} 0-1

[Event "Lliga Catalana DH 2023"]
[Site "Barcelona"]
[Date "2023.01.21"]
[Round "1.9"]
[White "Minguez Rodriguez, Raul"]
[Black "Dominguez Laguna, Eduard"]
[Result "1/2-1/2"]
[TimeControl "90'+30\""]
[WhiteFideId "2214296"]
[BlackFideId "24591742"]
[WhiteElo "2196"]
[BlackElo "1959"]

1. e4 {[%emt 00:00:07]} c6 {[%emt 00:00:07]} 2. d4 {[%emt 00:00:14]} d5 {[%emt
00:00:06]} 3. Nc3 {[%emt 00:00:13]} dxe4 {[%emt 00:00:08]} 4. Nxe4 {[%emt
00:00:10]} Nf6 {[%emt 00:00:07]} 5. Nxf6+ {[%emt 00:00:18]} exf6 {[%emt
00:00:05]} 6. c3 {[%emt 00:00:15]} Bd6 {[%emt 00:00:52]} 7. Bd3 {[%emt
00:00:13]} O-O {[%emt 00:00:25]} 8. Qc2 {[%emt 00:00:07]} Re8+ {[%emt
00:00:30]} 9. Ne2 {[%emt 00:00:08]} h5 {[%emt 00:00:20]} 10. O-O {[%emt
00:00:18]} h4 {[%emt 00:03:02]} 11. h3 {[%emt 00:00:49]} Nd7 {[%emt 00:02:04]}
12. Be3 {[%emt 00:00:20]} Nf8 {[%emt 00:00:54]} 13. Rad1 {[%emt 00:00:28]} Be6
{[%emt 00:04:22]} 14. Rfe1 {[%emt 00:01:13]} Qc7 {[%emt 00:12:02]} 15. c4
{[%emt 00:01:51]} Rad8 {[%emt 00:02:52]} 16. Nc3 {[%emt 00:01:31]} Qc8 {[%emt
00:04:01]} 17. f4 {[%emt 00:12:12]} f5 {[%emt 00:06:24]} 18. d5 {[%emt
00:19:42]} cxd5 {[%emt 00:05:36]} 19. cxd5 {[%emt 00:01:53]} Bd7 {[%emt
00:02:25]} 20. Bxa7 {[%emt 00:04:16]} Rxe1+ {[%emt 00:11:56]} 21. Rxe1 {[%emt
00:00:02]} Bxf4 {[%emt 00:01:07]} 22. Bb6 {[%emt 00:03:23]} Re8 {[%emt
00:02:58]} 23. Rxe8 {[%emt 00:00:14]} Qxe8 {[%emt 00:01:23]} 24. Qe2 {[%emt
00:00:14]} Qb8 {[%emt 00:03:35]} 25. Bd4 {[%emt 00:07:48]} 1/2-1/2